Программное обеспечение комплексного тест-контроля знаний; Качество, технологии, экономика и законодательство в сфере образования

Bibliografiske detaljer
Parent link:Качество, технологии, экономика и законодательство в сфере образования.— 2000.— С. 75-78.
Hovedforfatter: Блейхер А. М.
Andre forfattere: Блейхер О. В. Оксана Владимировна
Sprog:russisk
Udgivet: 2000
Fag:
Format: MixedMaterials Book Chapter
KOHA link:https://koha.lib.tpu.ru/cgi-bin/koha/opac-detail.pl?biblionumber=76968

MARC

LEADER 00000naa2a2200000 4500
001 76968
005 20231031092016.0
035 |a (RuTPU)RU\TPU\book\82538 
090 |a 76968 
100 |a 20050510d2000 k y0rusy50 ca 
101 0 |a rus 
102 |a RU 
200 1 |a Программное обеспечение комплексного тест-контроля знаний  |f А. М. Блейхер, О. В. Блейхер 
463 0 |0 (RuTPU)RU\TPU\book\66079  |t Качество, технологии, экономика и законодательство в сфере образования  |o материалы докладов научно-методической конференции, 19 ноября 1999 года, Томск, Россия  |f Томский экономико-юридический институт  |v С. 75-78.  |d 2000  |p 108 с. 
610 1 |a тест-контроль 
610 1 |a знания 
610 1 |a комплексный контроль 
610 1 |a программное обеспечение 
610 1 |a компьютерное тестирование 
610 1 |a интеллектуальные системы 
610 1 |a труды учёных ТПУ 
700 1 |a Блейхер  |b А. М. 
701 1 |a Блейхер  |b О. В.  |c социолог  |c доцент Томского политехнического университета, кандидат философских наук  |f 1976-  |g Оксана Владимировна  |2 stltpush  |3 (RuTPU)RU\TPU\pers\26986 
801 1 |a RU  |b 63413507  |c 20050510  |g PSBO 
801 2 |a RU  |b 63413507  |c 20160309  |g RCR 
942 |c BK